Library of the University of Algiers 3
Ibrahim Sultan Cheibout
شعار جامعة الجزائر 3
مكتبة جامعة الجزائر 3
إبراهيم سلطان شيبوط

الجغرافيا الإقتصادية / (رقم التسجيلة. 45541)

تفاصيل مارك
000 -LEADER
fixed length control field 01093nam a2200205Ia 4500
003 - CONTROL NUMBER IDENTIFIER
control field Ost
005 - DATE AND TIME OF LATEST TRANSACTION
control field 20260507075649.0
008 - FIXED-LENGTH DATA ELEMENTS--GENERAL INFORMATION
fixed length control field 260507s9999||||xx |||||||||||||| ||und||
020 ## - INTERNATIONAL STANDARD BOOK NUMBER
International Standard Book Number 7975116977
040 ## - CATALOGING SOURCE
Transcribing agency fsecg
041 ## - LANGUAGE CODE
Language code of text/sound track or separate title ara
082 ## - DEWEY DECIMAL CLASSIFICATION NUMBER
Classification number 910.133
100 ## - MAIN ENTRY--PERSONAL NAME
Personal name الزوكة، محمد خميس
Relator term مؤلف
245 #0 - TITLE STATEMENT
Title الجغرافيا الإقتصادية /
Statement of responsibility, etc. محمد خميس الزوكة
260 ## - PUBLICATION, DISTRIBUTION, ETC.
Place of publication, distribution, etc. الإسكندرية:
Name of publisher, distributor, etc. دار المعرفة الجامعية,
Date of publication, distribution, etc. 1998
300 ## - PHYSICAL DESCRIPTION
Extent 527 صفحة؛
Other physical details إيضاحات ؛
Dimensions 24 سم
520 ## - SUMMARY, ETC.
Summary, etc. الجغرافيا الإقتصادية- العوامل الطبيعية- موارد الثروة- العوامل البشرية والحضارية- قطع الاخشاب- صيد الأسماك- الرعي التجاري الزراعي- الحبوب الغذائية- محاصيل السكر - محاصيل المنبهات- محاصيل الزيت- محاصيل الالياف- محاصيل ذات أهمية خاصة.
653 ## - INDEX TERM--UNCONTROLLED
Uncontrolled term الجغرافيا الإقتصادية - التجارة الدولية
942 ## - ADDED ENTRY ELEMENTS (KOHA)
Koha item type كتب
المقتنيات
Withdrawn status Lost status Source of classification or shelving scheme Damaged status Not for loan Home library Current library Date acquired Serial enumeration / chronology Inventory number Total checkouts Full call number Barcode Date last seen Price effective from Koha item type
    Library of Congress Classification   NOT LOAN / إعارة داخلية مكتبة كلية العلوم الإقتصادية والعلوم التجارية وعلوم التسيير مكتبة كلية العلوم الإقتصادية والعلوم التجارية وعلوم التسيير 07/05/2026 الطابق الأرضي 1/1674   أ/1674ن1 1/1674 07/05/2026 07/05/2026 كتب

موارد الويب المفتوحة


© University of Algiers 3 All Rights Reserved
|
Implemented by LECHELAH Riad